| 000 | 00503nam a22001697a 4500 | ||
|---|---|---|---|
| 020 | _a9781498744607 | ||
| 082 |
_a618.2 _bOBS |
||
| 245 |
_a Obstetrics by Ten Teachers / _cEdited by Louise C Kenny; Jenny E Myers |
||
| 250 | _a20th Edition. | ||
| 260 |
_aBoca Raton : _bCRC Press Taylor & Francis Group, _c2017. |
||
| 300 |
_a341 p. ; _bill, _c24 cm. |
||
| 563 | _aPBK. | ||
| 650 |
_aObstetrics _924491 |
||
| 650 |
_aPregnancy _9113623 |
||
| 650 |
_aPregnancy--Complications _9113466 |
||
| 942 |
_2ddc _cBK |
||
| 999 |
_c595265 _d595265 |
||